LIBRARY & INFORMATION CENTRE, KCAET, TAVANUR

ONLINE PUBLIC ACCESS CATALOGUE (OPAC)

Development and fabrication of power operated groundnut decorticator cum separator (Record no. 14974)

MARC details
000 -LEADER
fixed length control field 00734nam a22001817a 4500
003 - CONTROL NUMBER IDENTIFIER
control field OSt
088 ## - REPORT NUMBER
Report number P 3
100 ## - MAIN ENTRY--AUTHOR NAME
Personal name ANITHA NAIR A
-- GANESAN V
-- SUSHAMA V
-- SWAPNAM S
245 ## - TITLE STATEMENT
Title Development and fabrication of power operated groundnut decorticator cum separator
260 ## - PUBLICATION, DISTRIBUTION, ETC. (IMPRINT)
Place of publication Tavanur 1992
Name of publisher Department of Farm Power Machinery and Energy
300 ## - PHYSICAL DESCRIPTION
Number of Pages 32
500 ## - GENERAL NOTE
General note Development and fabrication of power operated groundnut decorticator cum separator
520 ## - SUMMARY, ETC.
Summary, etc Development and fabrication of power operated groundnut decorticator cum separator
700 ## - ADDED ENTRY--PERSONAL NAME
Personal name Er. V.R Ramachandran (Guide)
856 ## - ELECTRONIC LOCATION AND ACCESS
Uniform Resource Identifier https://drive.google.com/open?id=1lLsY1p2K4Hrq18KvxK8gj9nD9p461zu5
942 ## - ADDED ENTRY ELEMENTS (KOHA)
Koha item type Project Report
Holdings
Collection code Home library Current library Shelving location Full call number Accession Number Koha item type
Reference KAUAET KAUAET Reference 631.3 ANI/DE P3 Project Report
free website counter